La escuela ante los niños maltratados / (Registro nro. 15746)

Detalles MARC
000 -LIDER
fixed length control field 01190nam a22003617a 4500
001 - NÚMERO DE CONTROL
Identificador de número de control 0074
003 - IDENTIFICACDOR DE NÚMERO DE CONTROL
control field DO-SdBPM
005 - DATE AND TIME OF LATEST TRANSACTION
control field 20260309120917.0
007 - CAMPOS FIJOS DE DESCRIPCIÓN FÍSICA
fixed length control field ta
008 - ELEMENTOS DE LONGITUD FIJA
fixed length control field 151006b1997 sp | |||| 00| 0 spa d
020 ## - ISBN
International Standard Book Number 8475099351
040 ## - FUENTE DE CATALOGACIÓN
Agencia que crea de manera original el registro DO-SdBPM
Idioma de catalogación spa
Agencia que realiza la transcripción BPMSU
Convenciones de la despripción rda
082 #4 - NÚMERO DE CLASIFICACIÓN DECIMAL DE DEWEY
Classification number 362.76
Item number G226m 1997
Edition number 22
100 1# - ASIENTO PRINCIPAL -- NOMBRE PERSONAL
Nombre personal Gardner, Howard,
Fechas asociadas con el nombre 1943-
Mención de responsabilidad autor
Término de relación aut.
245 10 - MENCIÓN DE TITULO
Título La escuela ante los niños maltratados /
Mención de responsabilidad María Inés Bringiotti
260 ## - PUBLICACIÓN, DISTRIBUCIÓN, ETC. (PIE DE IMPRENTA)
Fecha de publicación, distribución, etc
264 ## - PRODUCTION, PUBLICATION, DISTRIBUTION, MANUFACTURE, AND COPYRIGHT NOTICE
Place of production, publication, distribution, manufacture Barcelona :
Name of producer, publisher, distributor, manufacturer Ediciones Paidó,
Date of production, publication, distribution, manufacture, or copyright notice 1997
300 ## - DESCRIPCIÓN FÍSICA
Extensión 246 páginas ;
Dimensiones 23 cm
Otros detalles físicos
336 ## - CONTENT TYPE
Content type term texto
Content type code txt
Source rdacontent
337 ## - MEDIA TYPE
Media type term sin mediación
Media type code n
Source rdamedia
338 ## - CARRIER TYPE
Carrier type term volumen
Carrier type code nc
Source rdacarrier
490 0# - MENCIÓN DE SERIES
Mención de serie Paidós cuestiones de educación
Volume/sequential designation 36
500 ## - NOTA GENERAL
Nota general Incluye bibliografía e índice.
590 ## - NOTA LOCAL
Texto de la nota local Inventariado, 2026/VM
650 #7 - ENCABEZAMIENTO DE MATERIA--TEMÁTICO
Término temático o nombre geográfico como elemento de entrada Abuso del niño
Subdivisión temática general Aspectos psicológicos.
650 #7 - ENCABEZAMIENTO DE MATERIA--TEMÁTICO
Término temático o nombre geográfico como elemento de entrada Comunidad y escuela
Subdivisión geográfica Argentina.
650 #7 - ENCABEZAMIENTO DE MATERIA--TEMÁTICO
Término temático o nombre geográfico como elemento de entrada Violencia infantil
650 #7 - ENCABEZAMIENTO DE MATERIA--TEMÁTICO
Término temático o nombre geográfico como elemento de entrada Sociología de la educación
Subdivisión geográfica Argentina.
650 #7 - ENCABEZAMIENTO DE MATERIA--TEMÁTICO
Término temático o nombre geográfico como elemento de entrada Sociología de la educación
700 1# - ASIENTO SECUNDARIO -- NOMBRE PERSONAL
Nombre personal Meler-Ortí, Ferrán,
Mención de responsabilidad traductor
910 ## - VALIDACIÓN
Validación VMateo V. Control de calidad. BPMSU
942 ## - ADDED ENTRY ELEMENTS (KOHA)
Source of classification or shelving scheme Dewey Decimal Classification
Koha item type Libros
Existencias
Withdrawn status Lost status Source of classification or shelving scheme Damaged status Not for loan Collection code Home library Current library Date acquired Total Checkouts Full call number Barcode Date last seen Price effective from Koha item type
    Dewey Decimal Classification     Colección General Biblioteca Pública Metropolitana Salomé Ureña Biblioteca Pública Metropolitana Salomé Ureña 03/09/2026   BPMSU CG 362.76 G226m 1997 BPMSU26030023 03/09/2026 03/09/2026 Libros